Avanzando en la evaluación de la Autodeterminación: diseño de la Escala AUTODDIS. (Record no. 205232)
[ view plain ]
| 000 -CABECERA | |
|---|---|
| campo de control de longitud fija | 02213nab a2200325 a 4500 |
| 005 - FECHA Y HORA DE LA ÚLTIMA TRANSACCIÓN | |
| campo de control | 20260108064020.0 |
| 008 - ELEMENTOS DE LONGITUD FIJA--INFORMACIÓN GENERAL | |
| campo de control de longitud fija | 991125c2019 sp qr p o 000 0 spa d |
| 035 ## - NÚMERO DE CONTROL DEL SISTEMA | |
| Número de control de sistema | UPN01000233137 |
| 040 ## - FUENTE DE LA CATALOGACIÓN | |
| Centro catalogador/agencia de origen | MX-MxUPN |
| Lengua de catalogación | spa |
| Centro/agencia transcriptor | MX-MxUPN |
| Normas de descripción | aacr2 |
| 049 ## - COLECCIÓN | |
| Colección | ART-E |
| 100 1# - ASIENTO PRINCIPAL--NOMBRE PERSONAL | |
| Nombre de persona | Vicente Sánchez, Eva |
| Enlace | - evavs@unizar.es |
| 100 1# - ASIENTO PRINCIPAL--NOMBRE PERSONAL | |
| Nombre de persona | Guillén Martín, Verónica Marina |
| 100 1# - ASIENTO PRINCIPAL--NOMBRE PERSONAL | |
| Nombre de persona | Fernández Pulido, Ramón |
| 100 1# - ASIENTO PRINCIPAL--NOMBRE PERSONAL | |
| Nombre de persona | María Ángeles Bravo, |
| 100 1# - ASIENTO PRINCIPAL--NOMBRE PERSONAL | |
| Nombre de persona | Vived, Elías |
| 245 10 - MENCIÓN DE TÍTULO | |
| Título | Avanzando en la evaluación de la Autodeterminación: diseño de la Escala AUTODDIS. |
| Medio | [recurso electrónico en línea] |
| 506 0# - NOTA DE RESTRICCIONES AL ACCESO | |
| Limitaciones de acceso | Acceso abierto |
| 520 3# - NOTA DE RESUMEN, ETC. | |
| Sumario, etc. | La autodeterminación es uno de los constructos de mayor importancia para fomentar el bienestar y la autonomía de las personas con discapacidad intelectual, a quienes tradicionalmente se les ha negado la oportunidad de ser agentes causales de sus propias vidas. A pesar de la importancia de este tema, existe aún una gran escasez de herramientas que permitan evaluar la autodeterminación y que ofrezcan información útil para elaborar planes de intervención específicos. El objetivo de este trabajo consiste en elaborar una escala objetiva de evaluación de la autodeterminación para jóvenes y adultos con discapacidad intelectual. Realizar un estudio Delphi con todos los agentes implicados (profesionales, familiares y personas con discapacidad) permitió crear un amplio pool de ítems que se aplicó a 165 participantes. Los datos ponen de manifiesto que la escala resultante cuenta con evidencias empíricas de validez y fiabilidad que garantizan la importancia de continuar investigando en esta línea. |
| 650 #4 - ASIENTO SECUNDARIO DE MATERIA - TERMINO TEMATICO | |
| Término de materia o nombre geográfico como elemento de entrada | Evaluación |
| 9 (RLIN) | 14106 |
| 650 #2 - ASIENTO SECUNDARIO DE MATERIA - TERMINO TEMATICO | |
| Término de materia o nombre geográfico como elemento de entrada | Autodeterminación |
| 9 (RLIN) | 4808 |
| 650 #2 - ASIENTO SECUNDARIO DE MATERIA - TERMINO TEMATICO | |
| Término de materia o nombre geográfico como elemento de entrada | Autodeterminación |
| 9 (RLIN) | 4808 |
| 653 0# - TERMINO DE INDIZACION - NO CONTROLADO | |
| Término no controlado | Discapacidad intelectual |
| 653 0# - TERMINO DE INDIZACION - NO CONTROLADO | |
| Término no controlado | Escala |
| 773 ## - ENLACE AL DOCUMENTO FUENTE/ENTRADA DE REGISTRO ANFITRIÓN | |
| Parte(s) relacionada(s) | Vol. 48, no. 3 (2019), p. 301-310 |
| Título | Aula abierta (España) |
| Número Internacional Normalizado para Publicaciones Seriadas | 0210-2773 |
| 856 40 - LOCALIZACIÓN Y ACCESO ELECTRÓNICOS | |
| Identificador Uniforme del Recurso | <a href="https://www.unioviedo.es/reunido/index.php/AA/article/view/13098/12512">https://www.unioviedo.es/reunido/index.php/AA/article/view/13098/12512</a> |
| 856 40 - LOCALIZACIÓN Y ACCESO ELECTRÓNICOS | |
| Nombre del host | https://doi.org/10.17811/rifie.48.3.2019.301-310 |
| Nota pública | Consultar articulo completo |
| 902 ## - ELEMENTOS DE DATOS B LOCAL, LDB (RLIN) | |
| Creó | GloriaJiménez/141122 |
| Modificó | GloriaJiménez/141122 |
| 905 ## - TIPO DE MATERIAL | |
| Tipo de material | Articulo |
| 942 ## - ELEMENTOS DE PUNTO DE ACCESO ADICIONAL (KOHA) | |
| Tipo de ítem Koha | Artículo Electrónico |
| Estado de retiro | Estado de pérdida | Estado dañado | No para préstamo | Código de colección | Localización permanente | Ubicación/localización actual | Ubicación en estantería | Fecha de adquisición | Total de préstamos | Fecha visto por última vez | Identificador Uniforme del Recurso | Precio válido a partir de | Tipo de ítem Koha |
|---|---|---|---|---|---|---|---|---|---|---|---|---|---|
| Acceso abierto | Bib. Gregorio Torres Quintero | Bib. Gregorio Torres Quintero | En línea | 14/11/2022 | 14/11/2022 | https://www.unioviedo.es/reunido/index.php/AA/article/view/13098/12512 | 14/11/2022 | Artículo Electrónico |
